[Event "BL 2122 (Women)"]
[Site "Germany"]
[Date "2022.05.29"]
[Round "11.6"]
[White "Krasnodebska, Magdalena"]
[Black "Kubikova, Alena"]
[Result "1-0"]
[WhiteElo "2092"]
[BlackElo "2093"]
[PlyCount "133"]
[EventDate "2021.11.27"]
[EventType "team-tourn"]
[EventRounds "11"]
[EventCountry "GER"]
[SourceTitle "EXT 2023"]
[Source "ChessBase"]
[SourceDate "2022.10.05"]
[SourceVersion "1"]
[SourceVersionDate "2022.10.05"]
[SourceQuality "1"]
[WhiteTeam "Lehrte (W)"]
[BlackTeam "Rodewisch (W)"]
[WhiteTeamCountry "GER"]
[BlackTeamCountry "GER"]

1. e4 g6 2. d4 Bg7 3. Nf3 d6 4. Bc4 c6 5. c3 Nf6 6. e5 dxe5 7. Nxe5 Nd5 8. 0-0 0-0 9. Nd2 e6 10. Ndf3 Nd7 11. Re1 N7f6 12. Qc2 Qc7 13. b3 Ne7 14. Ba3 Nfd5 15. Bd3 b5 16. c4 b4 17. Bc1 Nb6 18. Bf4 Qd8 19. Be4 Bb7 20. Qd2 f6 21. Ng4 f5 22. Nh6+ Bxh6 23. Bxh6 fxe4 24. Bxf8 exf3 25. Bh6 Nf5 26. Rxe6 Qxd4 27. Qxd4 Nxd4 28. Re7 Nf5 29. Rxb7 Nxh6 30. gxf3 Nf5 31. Re1 Rd8 32. Rxa7 Nd4 33. Kg2 Nc8 34. Rc7 h5 35. Re4 Nf5 36. Rxc6 Nce7 37. Rc7 Kf7 38. c5 Kf6 39. Rxb4 Nd5 40. Rc6+ Kg5 41. Re4 Nh4+ 42. Kf1 Nf4 43. Rd6 Ra8 44. Rdd4 Nhg2 45. a4 Kf5 46. c6 Rc8 47. Rc4 Rd8 48. Rc1 g5 49. c7 Rc8 50. Rd4 Ne6 51. Rd8 Nxd8 52. cxd8Q Rxd8 53. Kxg2 Rb8 54. Rc5+ Kf4 55. Rc4+ Ke5 56. b4 Kd5 57. Rc5+ Kd6 58. Rb5 Rg8 59. a5 Kc6 60. Rc5+ Kb7 61. b5 Rg7 62. Re5 Ka7 63. Kf1 g4 64. Rxh5 gxf3 65. Rf5 Rb7 66. h4 Rd7 67. Rxf3 1-0

[Event "BL 1516 (Women)"]
[Site "Germany"]
[Date "2016.03.20"]
[Round "11.2"]
[White "Majdan, Joanna"]
[Black "Krasnodebska, Magdalena"]
[Result "1-0"]
[WhiteElo "2391"]
[BlackElo "2094"]
[PlyCount "73"]
[EventDate "2015.09.26"]
[EventType "team-tourn"]
[EventRounds "11"]
[EventCountry "GER"]
[SourceTitle "EXT 2017"]
[Source "ChessBase"]
[SourceDate "2016.10.25"]
[SourceVersion "1"]
[SourceVersionDate "2016.10.25"]
[SourceQuality "1"]
[WhiteTeam "Rodewisch (W)"]
[BlackTeam "Lehrte (W)"]
[WhiteTeamCountry "GER"]
[BlackTeamCountry "GER"]

1. e4 c5 2. Nf3 e6 3. d4 cxd4 4. Nxd4 Nf6 5. Nc3 Nc6 6. Ndb5 Bb4 7. a3 Bxc3+ 8. Nxc3 0-0 9. Bg5 d5 10. exd5 exd5 11. Bd3 Re8+ 12. Ne2 d4 13. 0-0 Bg4 14. f3 Bh5 15. Nf4 Bg6 16. Nxg6 hxg6 17. f4 Qd5 18. Bxf6 gxf6 19. f5 Kg7 20. fxg6 fxg6 21. Qg4 Ne5 22. Qf4 Re6 23. Rad1 Rd8 24. Be4 Qc5 25. Kh1 Rd7 26. Qg3 Red6 27. Bf5 Re7 28. Rde1 Kf7 29. Be4 Rde6 30. Qh3 Qc4 31. b3 Qb5 32. a4 Qa5 33. Qh7+ Kf8 34. Qh8+ Kf7 35. b4 Qxa4 36. Bd5 Qxc2 37. Rxf6# 1-0

[Event "BL 1415 (Women)"]
[Site "Germany"]
[Date "2015.01.24"]
[Round "6.3"]
[White "Voicu Jagodzinsky, Carmen"]
[Black "Krasnodebska, Magdalena"]
[Result "1-0"]
[WhiteElo "2265"]
[BlackElo "2045"]
[PlyCount "61"]
[EventDate "2014.09.27"]
[EventType "team-tourn"]
[EventRounds "11"]
[EventCountry "GER"]
[SourceTitle "CBM 166 Extra"]
[Source "ChessBase"]
[SourceDate "2015.06.18"]
[SourceVersion "1"]
[SourceVersionDate "2015.06.18"]
[SourceQuality "1"]
[WhiteTeam "Grosslehna (W)"]
[BlackTeam "Lehrte (W)"]
[WhiteTeamCountry "GER"]
[BlackTeamCountry "GER"]

1. e4 c5 2. Nf3 e6 3. d3 d6 4. g3 Nf6 5. Bg2 Be7 6. 0-0 0-0 7. c3 Nc6 8. Re1 h6 9. d4 d5 10. e5 Nd7 11. a3 cxd4 12. cxd4 a5 13. Nc3 b6 14. Bf4 Ba6 15. h4 b5 16. Rc1 Rc8 17. Bf1 Qb6 18. Qd3 Rb8 19. Nxd5 exd5 20. e6 fxe6 21. Rxe6 Rbc8 22. Rxh6 Nf6 23. Bh3 Nxd4 24. Nxd4 Rxc1+ 25. Bxc1 Bc8 26. Nf5 Bc5 27. Rg6 Bxf5 28. Qxf5 Qc7 29. Bf4 Bxf2+ 30. Kg2 Qe7 31. Qe6+ 1-0

[Event "POL-chT 2nd League"]
[Site "Mrzezyno"]
[Date "2011.09.11"]
[Round "9.30"]
[White "Krasnodebska, Magdalena"]
[Black "Maszota, Natalia"]
[Result "1-0"]
[WhiteElo "2021"]
[BlackElo "2112"]
[PlyCount "57"]
[EventDate "2011.09.03"]
[EventType "team-swiss"]
[EventRounds "9"]
[EventCountry "POL"]
[SourceTitle "EXT 2019"]
[Source "ChessBase"]
[SourceDate "2018.10.10"]
[SourceVersion "1"]
[SourceVersionDate "2018.10.10"]
[SourceQuality "1"]
[WhiteTeam "Gliwice Politechnika Slaska"]
[BlackTeam "Gdynia Korsarz"]
[WhiteTeamCountry "POL"]
[BlackTeamCountry "POL"]

1. e4 d6 2. d4 Nf6 3. Nc3 g6 4. Bc4 Bg7 5. Nge2 c6 6. a4 0-0 7. Bd3 Nbd7 8. 0-0 e5 9. h3 Re8 10. Be3 Nf8 11. f4 Nh5 12. dxe5 dxe5 13. f5 Bf6 14. Bc4 Qe7 15. Qe1 g5 16. g3 Nd7 17. Qf2 h6 18. Kh2 Qb4 19. Bb3 Be7 20. Rad1 Nhf6 21. Qf3 Nc5 22. Nc1 Nxb3 23. Nxb3 b6 24. h4 g4 25. Qe2 Nh5 26. Bxh6 Kh7 27. Bd2 Qd6 28. Qc4 Kg7 29. Bh6+ 1-0

[Event "POL-chT 2nd League"]
[Site "Mrzezyno"]
[Date "2011.09.07"]
[Round "5"]
[White "Krasnodebska, Magdalena"]
[Black "Golek, Jagoda"]
[Result "0-1"]
[WhiteElo "2021"]
[BlackElo "2066"]
[PlyCount "68"]
[EventDate "2011.09.03"]
[EventType "team-swiss"]
[EventRounds "9"]
[EventCountry "POL"]
[SourceTitle "EXT 2015"]
[Source "ChessBase"]
[SourceDate "2014.11.20"]
[SourceVersion "1"]
[SourceVersionDate "2014.11.20"]
[SourceQuality "1"]
[WhiteTeam "Gliwice Politechnika Slaska"]
[BlackTeam "Gniezno LKS Chrobry"]
[WhiteTeamCountry "POL"]
[BlackTeamCountry "POL"]

1. e4 c5 2. Nf3 a6 3. d4 cxd4 4. Nxd4 Nf6 5. Nc3 e5 6. Nf3 Bb4 7. Bc4 Qc7 8. Qd3 d6 9. 0-0 Bxc3 10. bxc3 b5 11. Bb3 Nbd7 12. Ba3 Nc5 13. Qe3 0-0 14. Rfd1 Ncxe4 15. Bd5 Nxd5 16. Rxd5 Bb7 17. Rd3 Rfd8 18. Rad1 f6 19. Nh4 Nc5 20. R3d2 Rac8 21. Nf5 d5 22. Qh3 Qd7 23. Qg4 g6 24. Nh6+ Kg7 25. Qh4 Qe6 26. f3 Na4 27. Re1 Rc4 28. g4 Rxc3 29. Nf5+ gxf5 30. gxf5 Qf7 31. Rg2+ Kh8 32. Bc1 Rdc8 33. Ree2 d4 34. Rg3 Rg8 0-1

[Event "POL-chT 2nd League"]
[Site "Mrzezyno"]
[Date "2011.09.03"]
[Round "1"]
[White "Krasnodebska, Magdalena"]
[Black "Filipek, Halina"]
[Result "0-1"]
[WhiteElo "2021"]
[BlackElo "1729"]
[PlyCount "74"]
[EventDate "2011.09.03"]
[EventType "team-swiss"]
[EventRounds "9"]
[EventCountry "POL"]
[SourceTitle "EXT 2015"]
[Source "ChessBase"]
[SourceDate "2014.11.20"]
[SourceVersion "1"]
[SourceVersionDate "2014.11.20"]
[SourceQuality "1"]
[WhiteTeam "Gliwice Politechnika Slaska"]
[BlackTeam "Grudziadz Rotmistrz II"]
[WhiteTeamCountry "POL"]
[BlackTeamCountry "POL"]

1. e4 d6 2. d4 Nf6 3. Nc3 e5 4. Nf3 Nbd7 5. Bc4 Be7 6. 0-0 0-0 7. Re1 c6 8. a4 b6 9. d5 c5 10. h3 Re8 11. Qd3 a6 12. Nh4 g6 13. Nf3 Nh5 14. Be3 Ng7 15. Nh2 Bg5 16. Qf1 Bxe3 17. Rxe3 Nh5 18. g3 Qg5 19. Kh1 Qxe3 20. fxe3 Nxg3+ 21. Kg2 Nxf1 22. Rxf1 Kg7 23. Ne2 Nf6 24. Ng3 Bd7 25. b3 b5 26. axb5 Bxb5 27. Bxb5 axb5 28. Rf2 Ra1 29. Nf3 h6 30. Kh2 Rea8 31. Rg2 Kf8 32. Rf2 Ke7 33. Nh4 R8a2 34. Nhf5+ gxf5 35. Nxf5+ Kd7 36. Ng7 Rc1 37. Rf3 Rcxc2+ 0-1

[Event "Chorzow op"]
[Site "Chorzow"]
[Date "2010.03.27"]
[Round "8"]
[White "Krasnodebska, Magdalena"]
[Black "Jelonek, Michal"]
[Result "1-0"]
[WhiteElo "2066"]
[BlackElo "1959"]
[PlyCount "67"]
[EventDate "2010.03.20"]
[EventType "swiss"]
[EventRounds "9"]
[EventCountry "POL"]
[SourceTitle "EXT 2012"]
[Source "ChessBase"]
[SourceDate "2011.11.24"]
[SourceVersion "1"]
[SourceVersionDate "2011.11.24"]
[SourceQuality "1"]

1. e4 c6 2. d4 d5 3. Nc3 dxe4 4. Nxe4 Bf5 5. Ng3 Bg6 6. h4 h6 7. Nf3 Nd7 8. h5 Bh7 9. Bd3 Bxd3 10. Qxd3 e6 11. Bd2 Ngf6 12. 0-0-0 Be7 13. Ne4 Nb6 14. Ne5 Nxe4 15. Qxe4 Qd5 16. Qxd5 Nxd5 17. g4 Bg5 18. Nd3 Bxd2+ 19. Rxd2 Nf6 20. Ne5 Rd8 21. c3 Rd5 22. f4 Ne4 23. Rg2 c5 24. g5 hxg5 25. fxg5 cxd4 26. cxd4 Nd6 27. h6 Nf5 28. Rc2 Ne7 29. Rc7 f6 30. Rxe7+ Kxe7 31. Ng6+ Kf7 32. Nxh8+ Kg8 33. Ng6 Kh7 34. Nf8+ 1-0

[Event "Chorzow op"]
[Site "Chorzow"]
[Date "2010.03.25"]
[Round "6"]
[White "Krasnodebska, Magdalena"]
[Black "Semik, Tomasz"]
[Result "1-0"]
[WhiteElo "2066"]
[BlackElo "1968"]
[PlyCount "125"]
[EventDate "2010.03.20"]
[EventType "swiss"]
[EventRounds "9"]
[EventCountry "POL"]
[SourceTitle "EXT 2012"]
[Source "ChessBase"]
[SourceDate "2011.11.24"]
[SourceVersion "1"]
[SourceVersionDate "2011.11.24"]
[SourceQuality "1"]

1. e4 d5 2. exd5 Qxd5 3. Nc3 Qa5 4. d4 Nf6 5. Bc4 Bf5 6. Nf3 c6 7. Bd2 e6 8. Nd5 Qd8 9. Nxf6+ Qxf6 10. Bg5 Qg6 11. 0-0 Bd6 12. Qd2 h6 13. Bf4 Be7 14. Rfe1 0-0 15. Ne5 Qh7 16. Re2 Rd8 17. Rae1 Nd7 18. Nxf7 Kxf7 19. Bxe6+ Bxe6 20. Rxe6 Bf6 21. Qc3 Nb6 22. Qb3 Kf8 23. Bd6+ Rxd6 24. Rxd6 Qg6 25. Rde6 Qf7 26. c3 Nd5 27. g3 Kg8 28. Qc2 Rf8 29. a3 Qh5 30. R6e4 Qg6 31. Qe2 Kh8 32. Re8 Qf7 33. Rxf8+ Qxf8 34. Qe6 Qd8 35. Qf7 Ne7 36. a4 Qg8 37. Rxe7 Bxe7 38. Qxe7 Qb3 39. Qb4 Qf7 40. b3 Qe6 41. c4 Qe4 42. h4 b6 43. Qf8+ Kh7 44. Qf4 Qb1+ 45. Kg2 Qxb3 46. Qe4+ Kh8 47. Qxc6 Qd3 48. Qd5 Qd1 49. Qa8+ Kh7 50. Qe4+ Kh8 51. Qe8+ Kh7 52. d5 Qd4 53. Qc8 Qe4+ 54. Kh2 Qf3 55. Kg1 Qe4 56. Qc7 Qe1+ 57. Kg2 Qe4+ 58. Kh2 Qe2 59. Qf4 g5 60. Qf7+ Kh8 61. hxg5 hxg5 62. d6 Qd1 63. d7 1-0

[Event "Chorzow op"]
[Site "Chorzow"]
[Date "2010.03.24"]
[Round "5"]
[White "Widera, Jan"]
[Black "Krasnodebska, Magdalena"]
[Result "1/2-1/2"]
[WhiteElo "2065"]
[BlackElo "2066"]
[PlyCount "92"]
[EventDate "2010.03.20"]
[EventType "swiss"]
[EventRounds "9"]
[EventCountry "POL"]
[SourceTitle "EXT 2012"]
[Source "ChessBase"]
[SourceDate "2011.11.24"]
[SourceVersion "1"]
[SourceVersionDate "2011.11.24"]
[SourceQuality "1"]

1. e4 c5 2. c4 e6 3. Nc3 d6 4. Nf3 Nf6 5. d4 cxd4 6. Nxd4 Be7 7. Be2 0-0 8. 0-0 Nc6 9. Be3 Nxd4 10. Bxd4 b6 11. f4 Bb7 12. Bd3 Nd7 13. Rc1 e5 14. Be3 exf4 15. Bxf4 Ne5 16. Bxe5 dxe5 17. Nd5 Bc5+ 18. Kh1 Bd4 19. b3 Bc8 20. Qh5 Be6 21. Rf3 f6 22. Rcf1 Rc8 23. Rg3 Kh8 24. Be2 Qe8 25. Qh4 b5 26. Bh5 Bf7 27. Bg4 Be6 28. Rh3 h6 29. Bxe6 Qxe6 30. cxb5 Rc2 31. Rhf3 Rxa2 32. h3 Ra1 33. Rxa1 Bxa1 34. Rf1 Bd4 35. Rc1 Qd6 36. Qe1 Qa3 37. Qd1 Rb8 38. Rc7 Rxb5 39. b4 Rb8 40. Kh2 Qb2 41. Rxg7 Kxg7 42. Qg4+ Kh8 43. Qg6 Qd2 44. Qxf6+ Kh7 45. Qf7+ Kh8 46. Qf6+ Kh7 1/2-1/2

[Event "POL-chT 2nd League"]
[Site "Miedzyzdroje"]
[Date "2009.09.20"]
[Round "9"]
[White "Sosnowska, Elzbieta"]
[Black "Krasnodebska, Magdalena"]
[Result "0-1"]
[WhiteElo "1977"]
[BlackElo "2062"]
[PlyCount "122"]
[EventDate "2009.09.12"]
[EventType "team-swiss"]
[EventRounds "9"]
[EventCountry "POL"]
[SourceTitle "EXT 2019"]
[Source "ChessBase"]
[SourceDate "2018.10.10"]
[SourceVersion "1"]
[SourceVersionDate "2018.10.10"]
[SourceQuality "1"]
[WhiteTeam "Pultusk Nadnarwianka"]
[BlackTeam "Gliwice Politechnika Slaska"]
[WhiteTeamCountry "POL"]
[BlackTeamCountry "POL"]

1. e4 d5 2. exd5 Qxd5 3. Nc3 Qa5 4. d4 Nf6 5. Bd2 c6 6. Nf3 Bf5 7. Ne4 Qc7 8. Ng3 Bg6 9. h4 h6 10. Ne5 Bh7 11. Bf4 Nd5 12. Bd2 Nd7 13. c4 N5f6 14. Qe2 e6 15. Bc3 Bd6 16. f4 0-0 17. c5 Bxe5 18. fxe5 Nd5 19. Ne4 b6 20. cxb6 Qxb6 21. Nd6 c5 22. Qb5 cxd4 23. Qxb6 axb6 24. Bxd4 Nb4 25. Kf2 Nc2 26. Rd1 Nxd4 27. Rxd4 Nxe5 28. a3 Rfd8 29. Be2 Kf8 30. Rhd1 Ke7 31. Ke3 f5 32. h5 Nc6 33. R4d2 e5 34. Nc4 f4+ 35. Kf2 e4 36. Rxd8 Rxd8 37. Rxd8 Nxd8 38. Nxb6 Kd6 39. b4 Bg8 40. a4 Nc6 41. b5 Na5 42. Nc8+ Ke5 43. b6 Bd5 44. Ne7 Bb7 45. Ng6+ Kf5 46. g4+ Kg5 47. Ne5 Bd5 48. Ba6 Kh4 49. Ng6+ Kxg4 50. Bc8+ Kg5 51. Ne7 e3+ 52. Ke1 Be4 53. Ke2 Nc4 54. b7 f3+ 55. Ke1 f2+ 56. Ke2 Bf3+ 57. Kxf3 f1Q+ 58. Ke4 Qb1+ 59. Kd5 Na5 60. Nf5 e2 61. Nd6 e1Q 0-1

[Event "POL-chT 2nd League"]
[Site "Miedzyzdroje"]
[Date "2009.09.16"]
[Round "5"]
[White "Kupczyk, Edyta"]
[Black "Krasnodebska, Magdalena"]
[Result "1/2-1/2"]
[WhiteElo "2135"]
[BlackElo "2062"]
[PlyCount "146"]
[EventDate "2009.09.12"]
[EventType "team-swiss"]
[EventRounds "9"]
[EventCountry "POL"]
[SourceTitle "EXT 2019"]
[Source "ChessBase"]
[SourceDate "2018.10.10"]
[SourceVersion "1"]
[SourceVersionDate "2018.10.10"]
[SourceQuality "1"]
[WhiteTeam "Chroscice LZS Victoria"]
[BlackTeam "Gliwice Politechnika Slaska"]
[WhiteTeamCountry "POL"]
[BlackTeamCountry "POL"]

1. d4 d5 2. c4 e6 3. g3 c6 4. Bg2 f5 5. Nf3 Bd6 6. 0-0 Nf6 7. b3 0-0 8. Ba3 Ne4 9. Bxd6 Qxd6 10. e3 Nd7 11. Nbd2 b6 12. Qc2 Ba6 13. Rfc1 Ndf6 14. Ne5 c5 15. Nxe4 Nxe4 16. Qb2 cxd4 17. Qxd4 Rad8 18. cxd5 Qxd5 19. Nc6 Rd7 20. Bxe4 fxe4 21. Qxd5 exd5 22. Nd4 Rdf7 23. Ne6 Rb8 24. Rd1 Rf5 25. Rd4 Bb7 26. Rad1 Rc8 27. h4 Rc2 28. R4d2 Rxd2 29. Rxd2 Re5 30. Nd4 g5 31. hxg5 Rxg5 32. Rc2 Rg7 33. Ne6 Re7 34. Nf4 Kg7 35. Rd2 Re5 36. Rd4 Kf6 37. Ra4 a5 38. Rd4 Ke7 39. Kg2 Kd6 40. Rd1 Re7 41. Ne2 Rc7 42. Nd4 Ke5 43. Rh1 Rf7 44. Rh6 Rf6 45. Rxh7 Bc8 46. Re7+ Kd6 47. Rg7 Bd7 48. g4 Be8 49. Kg3 Kc5 50. g5 Rg6 51. Rxg6 Bxg6 52. Kf4 Kd6 53. a3 Bh7 54. Nb5+ Kc5 55. a4 Kb4 56. Nd4 Kc3 57. Ke5 Kd2 58. Kxd5 Ke1 59. f4 exf3 60. Nxf3+ Kf2 61. Kc6 Kxf3 62. Kxb6 Bc2 63. Kxa5 Bxb3 64. Kb4 Bc2 65. a5 Kg4 66. a6 Kxg5 67. e4 Bd3 68. e5 Be4 69. Kc5 Kg6 70. Kd6 Kf7 71. Kd7 Bf5+ 72. Kd6 Ke8 73. a7 Be4 1/2-1/2

[Event "POL-chT 2nd League"]
[Site "Miedzyzdroje"]
[Date "2009.09.14"]
[Round "3"]
[White "Weglarz, Joanna"]
[Black "Krasnodebska, Magdalena"]
[Result "1-0"]
[WhiteElo "2006"]
[BlackElo "2062"]
[PlyCount "109"]
[EventDate "2009.09.12"]
[EventType "team-swiss"]
[EventRounds "9"]
[EventCountry "POL"]
[SourceTitle "EXT 2019"]
[Source "ChessBase"]
[SourceDate "2018.10.10"]
[SourceVersion "1"]
[SourceVersionDate "2018.10.10"]
[SourceQuality "1"]
[WhiteTeam "Znin Baszta"]
[BlackTeam "Gliwice Politechnika Slaska"]
[WhiteTeamCountry "POL"]
[BlackTeamCountry "POL"]

1. e4 c5 2. Nf3 e6 3. d4 cxd4 4. Nxd4 Nf6 5. Nc3 Nc6 6. Ndb5 Bb4 7. a3 Bxc3+ 8. Nxc3 d5 9. exd5 exd5 10. Bd3 0-0 11. 0-0 d4 12. Ne2 Bg4 13. Bg5 Qd6 14. Qd2 Rfe8 15. Rfe1 Nd5 16. Bh4 a6 17. Qg5 Qd7 18. Nf4 Nde7 19. Nh5 Bxh5 20. Qxh5 Ng6 21. Bg3 Rxe1+ 22. Rxe1 Re8 23. Rxe8+ Qxe8 24. Kf1 Qe6 25. Qf5 Qxf5 26. Bxf5 Nge7 27. Bd7 f5 28. Be6+ Kf8 29. Bd6 Ke8 30. Ke2 Ng6 31. Kd3 Nh4 32. g3 Nf3 33. Bxf5 Nxh2 34. Ke2 g6 35. Bh3 h5 36. Kd3 Nf3 37. Be6 Ne1+ 38. Kd2 Nf3+ 39. Ke2 Ng5 40. Bc8 Ne4 41. Bxb7 Kd7 42. Bb4 g5 43. Bxc6+ Kxc6 44. Kf3 Kd5 45. Be7 h4 46. gxh4 gxh4 47. Bxh4 Nd2+ 48. Ke2 Nc4 49. b3 Nxa3 50. Kd3 Nb5 51. Bf6 Kc5 52. f4 Kd5 53. Bxd4 Nxd4 54. c4+ Kc5 55. b4+ 1-0

[Event "POL-chT 2nd League"]
[Site "Miedzyzdroje"]
[Date "2009.09.12"]
[Round "1"]
[White "Jonczyk, Aleksandra"]
[Black "Krasnodebska, Magdalena"]
[Result "0-1"]
[WhiteElo "1800"]
[BlackElo "2062"]
[PlyCount "48"]
[EventDate "2009.09.12"]
[EventType "team-swiss"]
[EventRounds "9"]
[EventCountry "POL"]
[SourceTitle "EXT 2019"]
[Source "ChessBase"]
[SourceDate "2018.10.10"]
[SourceVersion "1"]
[SourceVersionDate "2018.10.10"]
[SourceQuality "1"]
[WhiteTeam "Deblin Czarni"]
[BlackTeam "Gliwice Politechnika Slaska"]
[WhiteTeamCountry "POL"]
[BlackTeamCountry "POL"]

1. e4 c5 2. Nf3 e6 3. d4 cxd4 4. Nxd4 Nf6 5. Nc3 Nc6 6. Nxc6 bxc6 7. Bd3 d5 8. exd5 cxd5 9. 0-0 Bd6 10. Nb5 0-0 11. Nxd6 Qxd6 12. Re1 e5 13. b3 e4 14. Bxe4 Ng4 15. g3 Qf6 16. Bxh7+ Kxh7 17. Be3 Nxe3 18. Rxe3 Bg4 19. f3 Bf5 20. Rc1 Qb6 21. Qd2 Rac8 22. Kg2 Qh6 23. g4 Rfe8 24. Re2 Rxe2+ 0-1

[Event "POL-ch U18 Girls"]
[Site "Chotowa"]
[Date "2009.04.05"]
[Round "11"]
[White "Makosa, Angelika"]
[Black "Krasnodebska, Magdalena"]
[Result "1/2-1/2"]
[WhiteElo "1717"]
[BlackElo "2085"]
[PlyCount "93"]
[EventDate "2009.03.28"]
[EventType "swiss"]
[EventRounds "11"]
[EventCountry "POL"]
[SourceTitle "EXT 2018"]
[Source "ChessBase"]
[SourceDate "2017.10.13"]
[SourceVersion "1"]
[SourceVersionDate "2017.10.13"]
[SourceQuality "1"]

1. e4 c5 2. Nf3 e6 3. d4 cxd4 4. Nxd4 Nf6 5. Bd3 Nc6 6. Ne2 Bc5 7. Ng3 0-0 8. 0-0 h6 9. Nh5 d5 10. Nxf6+ Qxf6 11. exd5 exd5 12. Nc3 Rd8 13. Ne2 Bg4 14. Qd2 Ne5 15. Ng3 Qe6 16. b3 h5 17. Bb2 Nxd3 18. Qxd3 h4 19. Rae1 Qc8 20. Ne2 h3 21. g3 Bf5 22. Qd2 d4 23. Nf4 Qc6 24. Re5 Bd6 25. Qxd4 Bxe5 26. Qxe5 Qf6 27. Qxf6 gxf6 28. Bxf6 Rd2 29. Rc1 Re8 30. Bc3 Rd7 31. Nh5 Re6 32. Nf6+ Rxf6 33. Bxf6 Bxc2 34. Bg5 Be4 35. Kf1 Bf3 36. Ke1 Kh7 37. Bd2 Kg6 38. Rc3 Re7+ 39. Re3 Rxe3+ 40. Bxe3 a6 41. a4 Kf5 42. Bb6 Bc6 43. Ke2 Be4 44. f3 Bc2 45. g4+ Kf4 46. Be3+ Ke5 47. a5 1/2-1/2

[Event "POL-ch U18 Girls"]
[Site "Chotowa"]
[Date "2009.03.28"]
[Round "1"]
[White "Krasnodebska, Magdalena"]
[Black "Jarmuzynska, Kamila"]
[Result "1-0"]
[WhiteElo "2085"]
[BlackElo "1697"]
[PlyCount "39"]
[EventDate "2009.03.28"]
[EventType "swiss"]
[EventRounds "11"]
[EventCountry "POL"]
[SourceTitle "EXT 2011"]
[Source "ChessBase"]
[SourceDate "2010.11.26"]
[SourceVersion "1"]
[SourceVersionDate "2010.11.26"]
[SourceQuality "1"]

1. e4 e5 2. Nf3 f5 3. Nxe5 Nc6 4. d4 Nxe5 5. dxe5 fxe4 6. Nc3 Bb4 7. Qd4 Bxc3+ 8. Qxc3 b6 9. Bc4 Bb7 10. Bf4 Qe7 11. h4 h6 12. 0-0-0 0-0-0 13. Rd2 Qf8 14. Bh2 Ne7 15. Rhd1 Nc6 16. e6 d6 17. Bb5 Nb8 18. Rxd6 Rxd6 19. Bxd6 Qd8 20. e7 1-0

[Event "Chorzow Bak Memorial op"]
[Site "Chorzow"]
[Date "2008.11.23"]
[Round "9"]
[White "Fraczek, Leslaw"]
[Black "Krasnodebska, Magdalena"]
[Result "0-1"]
[WhiteElo "1915"]
[BlackElo "2071"]
[PlyCount "68"]
[EventDate "2008.11.15"]
[EventType "swiss"]
[EventRounds "9"]
[EventCountry "POL"]
[SourceTitle "EXT 2010"]
[Source "ChessBase"]
[SourceDate "2010.11.25"]
[SourceVersion "1"]
[SourceVersionDate "2010.11.25"]
[SourceQuality "1"]

1. d4 Nf6 2. c4 e6 3. Nf3 c5 4. d5 b5 5. dxe6 fxe6 6. cxb5 d5 7. Bg5 Be7 8. e3 0-0 9. Nc3 Bb7 10. Be2 Nbd7 11. 0-0 Qc7 12. Rc1 Bd6 13. h3 Kh8 14. Qa4 e5 15. Qh4 e4 16. Nd2 Rac8 17. Nb3 Qb8 18. Rfd1 Ba8 19. Rd2 Qb7 20. Bf1 Qb8 21. Rcd1 Rf7 22. Be2 Rcf8 23. Bg4 Nxg4 24. Qxg4 Ne5 25. Qh4 Nd3 26. Rf1 Bh2+ 27. Kh1 Bg3 28. Qxg3 Qxg3 29. fxg3 Rxf1+ 30. Kh2 R8f2 31. Be7 Rxd2 32. Nxd2 Rf2 33. Nb3 d4 34. Nd1 Rf1 0-1

[Event "POL-ch Seniors"]
[Site "Swietochlowice"]
[Date "2008.09.30"]
[Round "1.4"]
[White "Bezimienny, Daniel"]
[Black "Krasnodebska, Magdalena"]
[Result "0-1"]
[WhiteElo "1872"]
[BlackElo "2071"]
[PlyCount "59"]
[EventDate "2008.09.30"]
[EventType "swiss"]
[EventRounds "9"]
[EventCountry "POL"]
[SourceTitle "EXT 2023"]
[Source "ChessBase"]
[SourceDate "2022.10.05"]
[SourceVersion "1"]
[SourceVersionDate "2022.10.05"]
[SourceQuality "1"]

1. e4 c5 2. Nf3 e6 3. d4 cxd4 4. Nxd4 Nf6 5. Bd3 d5 6. exd5 Nxd5 7. 0-0 Be7 8. Nf3 0-0 9. Bd2 Nc6 10. Nc3 Bf6 11. Nxd5 Qxd5 12. Qc1 h6 13. Bxh6 Ne5 14. Nxe5 Qxe5 15. Bf4 Qxb2 16. Qe3 Qd4 17. Qh3 g6 18. Qg3 e5 19. Bh6 e4 20. Be2 Be5 21. Qh4 e3 22. Qe7 exf2+ 23. Kh1 Be6 24. Rad1 Rfe8 25. Qxb7 Qh4 26. g3 Qxh6 27. Rxf2 Rad8 28. Rxd8 Rxd8 29. Qe7 Rb8 30. Kg1 0-1

[Event "POL-chT U19 39th"]
[Site "Gorzow Wielkopolski"]
[Date "2008.07.13"]
[Round "9.5"]
[White "Krasnodebska, Magdalena"]
[Black "Radziewicz, Katarzyna"]
[Result "1-0"]
[WhiteElo "2051"]
[BlackElo "1923"]
[PlyCount "83"]
[EventDate "2008.07.05"]
[EventType "team-tourn"]
[EventRounds "9"]
[EventCountry "POL"]
[SourceTitle "EXT 2019"]
[Source "ChessBase"]
[SourceDate "2018.10.10"]
[SourceVersion "1"]
[SourceVersionDate "2018.10.10"]
[SourceQuality "1"]
[WhiteTeam "Gliwice Politechnika Slaska U19"]
[BlackTeam "Wroclaw KS Polonia U19"]
[WhiteTeamCountry "POL"]
[BlackTeamCountry "POL"]

1. e4 c5 2. Nf3 d6 3. Bb5+ Bd7 4. Bxd7+ Qxd7 5. 0-0 Nf6 6. e5 dxe5 7. Nxe5 Qc8 8. Nc3 e6 9. d3 Be7 10. Bg5 h6 11. Bd2 Nfd7 12. f4 Nc6 13. Ne4 Nf6 14. Nc4 Qc7 15. Bc3 Nd4 16. Qd2 0-0-0 17. Bxd4 Rxd4 18. Nc3 Rdd8 19. Nb5 Qd7 20. Qa5 Nd5 21. Ne5 b6 22. Qa6+ Qb7 23. Nxa7+ Kc7 24. Nb5+ Kb8 25. Qxb7+ Kxb7 26. Nxf7 Kc6 27. Nxh8 Rxh8 28. Rae1 Kd7 29. f5 exf5 30. Rxf5 Nb4 31. Rf7 Re8 32. Na3 Kd8 33. c3 Nd5 34. Re5 Nf6 35. Nc4 b5 36. Na5 Kd7 37. Rxg7 c4 38. dxc4 bxc4 39. Nxc4 Kd8 40. a4 h5 41. a5 Ng4 42. Rexe7 1-0

[Event "POL-chT U19 39th"]
[Site "Gorzow Wielkopolski"]
[Date "2008.07.11"]
[Round "7.11"]
[White "Krasnodebska, Magdalena"]
[Black "Labedz, Patrycja"]
[Result "1-0"]
[WhiteElo "2051"]
[BlackElo "1949"]
[PlyCount "57"]
[EventDate "2008.07.05"]
[EventType "team-tourn"]
[EventRounds "9"]
[EventCountry "POL"]
[SourceTitle "EXT 2019"]
[Source "ChessBase"]
[SourceDate "2018.10.10"]
[SourceVersion "1"]
[SourceVersionDate "2018.10.10"]
[SourceQuality "1"]
[WhiteTeam "Gliwice Politechnika Slaska U19"]
[BlackTeam "Jaworzno JKSz MCKiS U19"]
[WhiteTeamCountry "POL"]
[BlackTeamCountry "POL"]

1. e4 e6 2. d4 d5 3. Nd2 c5 4. exd5 Qxd5 5. Ngf3 cxd4 6. Bc4 Qd6 7. Nb3 Nc6 8. 0-0 Nf6 9. Nbxd4 Nxd4 10. Nxd4 a6 11. a4 Bd7 12. b3 Qc7 13. Bb2 Bd6 14. h3 0-0-0 15. Qe2 Rde8 16. Rfd1 e5 17. Nf3 e4 18. Ng5 e3 19. Rxd6 Qxd6 20. Nxf7 Qc6 21. Nxh8 exf2+ 22. Qxf2 Rxh8 23. Qa7 Re8 24. Rd1 Kc7 25. Bd4 h6 26. a5 Kd8 27. Bb6+ Ke7 28. Bc5+ Kd8 29. Qb8+ 1-0